<?xml version="1.0" encoding="UTF-8"?>
<collection xmlns="http://www.loc.gov/MARC21/slim">
<record>
  <controlfield tag="001">160972</controlfield>
  <controlfield tag="005">20251017144553.0</controlfield>
  <datafield tag="024" ind1="8" ind2=" ">
    <subfield code="2">sideral</subfield>
    <subfield code="a">144183</subfield>
  </datafield>
  <datafield tag="037" ind1=" " ind2=" ">
    <subfield code="a">ART-2025-144183</subfield>
  </datafield>
  <datafield tag="041" ind1=" " ind2=" ">
    <subfield code="a">spa</subfield>
  </datafield>
  <datafield tag="100" ind1=" " ind2=" ">
    <subfield code="a">Nogueras Edo, María</subfield>
    <subfield code="0">(orcid)0000-0001-8724-6748</subfield>
  </datafield>
  <datafield tag="245" ind1=" " ind2=" ">
    <subfield code="a">Los rituales de la Semana Santa tradicional en un entorno rural: el caso de la comarca de las Cinco Villas (Aragón)</subfield>
  </datafield>
  <datafield tag="260" ind1=" " ind2=" ">
    <subfield code="c">2025</subfield>
  </datafield>
  <datafield tag="506" ind1="0" ind2=" ">
    <subfield code="a">Access copy available to the general public</subfield>
    <subfield code="f">Unrestricted</subfield>
  </datafield>
  <datafield tag="520" ind1="3" ind2=" ">
    <subfield code="a">This research is a part of a broader study about the current collective memory of the residents of Cinco Villas (Aragón), dealing with the manifestations of intangible cultural heritage. Holy Week is one of the most deeply rooted traditions in the local population since 80.59% of the informants, from whom information has been obtained through interviews (life stories and focused ones), have first-person memories. Therefore, this article pursues the objective of producing theoretical reflections through the results obtained by qualitative tools.   La presente investigación parte de un estudio mayor sobre la memoria colectiva actual de los habitantes de la comarca de las Cinco Villas de Aragón, que versa sobre las manifestaciones del patrimonio cultural inmaterial. La Semana Santa es una de las tradiciones más arraigadas en la población local, puesto que el 80,59 % de los informantes, de los que se ha obtenido información a través de entrevistas (Historias de vida y focalizadas), tiene recuerdos en primera persona de dicha festividad. Por ello, en este artículo se persigue el objetivo de producir reflexiones teóricas mediante los resultados obtenidos por las herramientas cualitativas.</subfield>
  </datafield>
  <datafield tag="540" ind1=" " ind2=" ">
    <subfield code="9">info:eu-repo/semantics/openAccess</subfield>
    <subfield code="a">All rights reserved</subfield>
    <subfield code="u">http://www.europeana.eu/rights/rr-f/</subfield>
  </datafield>
  <datafield tag="655" ind1=" " ind2="4">
    <subfield code="a">info:eu-repo/semantics/article</subfield>
    <subfield code="v">info:eu-repo/semantics/publishedVersion</subfield>
  </datafield>
  <datafield tag="773" ind1=" " ind2=" ">
    <subfield code="g">28 (2025), 183-204</subfield>
    <subfield code="p">Aragon. Sacra</subfield>
    <subfield code="t">Aragonia Sacra</subfield>
    <subfield code="x">0213-7631</subfield>
  </datafield>
  <datafield tag="856" ind1="4" ind2=" ">
    <subfield code="s">1191373</subfield>
    <subfield code="u">http://zaguan.unizar.es/record/160972/files/texto_completo.pdf</subfield>
    <subfield code="y">Versión publicada</subfield>
  </datafield>
  <datafield tag="856" ind1="4" ind2=" ">
    <subfield code="s">455201</subfield>
    <subfield code="u">http://zaguan.unizar.es/record/160972/files/texto_completo.jpg?subformat=icon</subfield>
    <subfield code="x">icon</subfield>
    <subfield code="y">Versión publicada</subfield>
  </datafield>
  <datafield tag="909" ind1="C" ind2="O">
    <subfield code="o">oai:zaguan.unizar.es:160972</subfield>
    <subfield code="p">articulos</subfield>
    <subfield code="p">driver</subfield>
  </datafield>
  <datafield tag="951" ind1=" " ind2=" ">
    <subfield code="a">2025-10-17-14:12:27</subfield>
  </datafield>
  <datafield tag="980" ind1=" " ind2=" ">
    <subfield code="a">ARTICLE</subfield>
  </datafield>
</record>
</collection>